| 000 | 00598nam a2200229Ia 4500 | ||
|---|---|---|---|
| 005 | 20230811115657.0 | ||
| 008 | 131103s9999 xx 000 0 und d | ||
| 040 | _aLoreto College | ||
| 041 | _aEnglish | ||
| 082 |
_a920 _bUNU |
||
| 100 | _aNu,U | ||
| 245 |
_aU Nu Saturday's Son _cU Nu;translated by U Law Yone;edited by U Kyaw Win |
||
| 260 |
_aBombay _bBharatiya Vidya Bhavan _c1976 |
||
| 300 | _axv,358 p. | ||
| 504 | _aIncludes index | ||
| 630 | _aBurma - Autobiography | ||
| 650 | _aNu,U | ||
| 651 | _aAutobiography | ||
| 700 | _aYone,U Low,tr. | ||
| 850 | _aLCLIB | ||
| 942 | _cBK | ||
| 999 |
_c13959 _d64438 |
||